000 00398nam a2200169Ia 4500
003 GCL
008 140319s9999 xx 000 0 eng d
040 _aGCL /
_cGCL
082 0 4 _a751.4252
_bU S
100 1 _aUCHIYAMA, UKAI
245 1 0 _aSUMI - E /
_cUCHIYAMA, UKAI
260 _a[S.N] :
_bHAIKUSHA ،
_c1992
300 _a136 PP
650 0 4 _aJAPAN
650 0 4 _aART, JAPAN
942 _2ddc
_cBK
999 _c19153
_d19153